<?xml version="1.0" encoding="UTF-8"?>
<record
    xmlns:xsi="http://www.w3.org/2001/XMLSchema-instance"
    xsi:schemaLocation="http://www.loc.gov/MARC21/slim http://www.loc.gov/standards/marcxml/schema/MARC21slim.xsd"
    xmlns="http://www.loc.gov/MARC21/slim">

  <leader>00511    a2200169   4500</leader>
  <datafield tag="952" ind1=" " ind2=" ">
    <subfield code="0">0</subfield>
    <subfield code="1">0</subfield>
    <subfield code="2">ddc</subfield>
    <subfield code="4">0</subfield>
    <subfield code="7">0</subfield>
    <subfield code="8">FOR</subfield>
    <subfield code="a">MES</subfield>
    <subfield code="b">MES</subfield>
    <subfield code="c">FOR </subfield>
    <subfield code="d">2022-01-05</subfield>
    <subfield code="e">41</subfield>
    <subfield code="g">290.00</subfield>
    <subfield code="l">5</subfield>
    <subfield code="m">3</subfield>
    <subfield code="o">364.168 PAN/I</subfield>
    <subfield code="p">41356</subfield>
    <subfield code="r">2025-11-27 15:50:16</subfield>
    <subfield code="s">2025-11-05</subfield>
    <subfield code="t">2</subfield>
    <subfield code="v">290.00</subfield>
    <subfield code="w">2022-01-05</subfield>
    <subfield code="y">BK</subfield>
    <subfield code="z">GL51R3</subfield>
  </datafield>
  <datafield tag="952" ind1=" " ind2=" ">
    <subfield code="0">0</subfield>
    <subfield code="1">0</subfield>
    <subfield code="2">ddc</subfield>
    <subfield code="4">0</subfield>
    <subfield code="7">0</subfield>
    <subfield code="8">FOR</subfield>
    <subfield code="a">MES</subfield>
    <subfield code="b">MES</subfield>
    <subfield code="c">FOR </subfield>
    <subfield code="d">2022-01-05</subfield>
    <subfield code="e">41</subfield>
    <subfield code="g">290.00</subfield>
    <subfield code="l">8</subfield>
    <subfield code="m">10</subfield>
    <subfield code="o">364.168 PAN/I</subfield>
    <subfield code="p">41355</subfield>
    <subfield code="r">2025-10-31 11:28:18</subfield>
    <subfield code="s">2025-10-10</subfield>
    <subfield code="t">1</subfield>
    <subfield code="v">290.00</subfield>
    <subfield code="w">2022-01-05</subfield>
    <subfield code="y">BK</subfield>
    <subfield code="z">GL51R3</subfield>
  </datafield>
  <datafield tag="999" ind1=" " ind2=" ">
    <subfield code="c">41404</subfield>
    <subfield code="d">41404</subfield>
  </datafield>
  <controlfield tag="003">OSt</controlfield>
  <controlfield tag="005">20220103145801.0</controlfield>
  <controlfield tag="008">220103b           ||||| |||| 00| 0 eng d</controlfield>
  <datafield tag="020" ind1=" " ind2=" ">
    <subfield code="a">9789384813963</subfield>
  </datafield>
  <datafield tag="040" ind1=" " ind2=" ">
    <subfield code="c">oclc</subfield>
  </datafield>
  <datafield tag="082" ind1=" " ind2=" ">
    <subfield code="a">364.168</subfield>
    <subfield code="b">PAN/I</subfield>
  </datafield>
  <datafield tag="100" ind1=" " ind2=" ">
    <subfield code="9">8966</subfield>
    <subfield code="a">Pande, Jeetendra</subfield>
    <subfield code="c">Dr.</subfield>
  </datafield>
  <datafield tag="245" ind1=" " ind2=" ">
    <subfield code="a">Introduction to cyber security /</subfield>
    <subfield code="c"> Dr. Jeetendra Pande</subfield>
  </datafield>
  <datafield tag="260" ind1=" " ind2=" ">
    <subfield code="b">Uttarakhand Open University,</subfield>
    <subfield code="c">2017.</subfield>
  </datafield>
  <datafield tag="300" ind1=" " ind2=" ">
    <subfield code="a">151 pages</subfield>
  </datafield>
  <datafield tag="942" ind1=" " ind2=" ">
    <subfield code="2">ddc</subfield>
    <subfield code="c">BK</subfield>
    <subfield code="h">364.168</subfield>
    <subfield code="i">PAN/I</subfield>
    <subfield code="k">364.168</subfield>
    <subfield code="m">PAN/I</subfield>
  </datafield>
</record>
